Organización de la bodega de repuestos, herramientas y materiales de apoyo de la sección de mantenimiento de equipo medico del departamento de conservación y mantenimiento de la CCSS

שמור ב:
מידע ביבליוגרפי
מחבר ראשי: Quiros Vargas, Roberto
פורמט: ספר
שפה:Spanish
יצא לאור: San José, Costa Rica 1987
נושאים:
תגים: הוספת תג
אין תגיות, היה/י הראשונ/ה לתייג את הרשומה!

MARC

LEADER 00000nam a2200000Ia 4500
003 Perdido
005 20221231144311.0
008 140114s9999 cr a m 000 ||spa d
040 |c cru CEDI 
090 |a TFG 2959 
100 |a Quiros Vargas, Roberto  |9 11805 
245 |a Organización de la bodega de repuestos, herramientas y materiales de apoyo de la sección de mantenimiento de equipo medico del departamento de conservación y mantenimiento de la CCSS 
260 |c 1987  |a San José, Costa Rica 
300 |a  [400] hojas : ilustraciones ; 28 cm  
500 |a  Proyecto de graduacion (bachillerato en ingenieria industrial)-- Universidad de Costa Rica. Facultad de Ingenieria. Escuela de Ingenieria Industrial 
650 |x CAJA COSTARRICENSE DE SEGURO SOCIAL (SAN JOSE)  |x ALMACENES GENERALES DE DEPOSITO  |9 11806 
942 |c TFG  |2 ddc 
999 |c 19803  |d 19803